| 000 | 00341nam a22001457a 4500 | ||
|---|---|---|---|
| 999 |
_c146087 _d146087 |
||
| 082 |
_aH1 _bSUM/M |
||
| 100 | _aSumit Dahiya | ||
| 245 |
_aMilan ka Intzar/ _cby Sumit Dahiya |
||
| 260 |
_aDelhi: _bAdvait Prakashan, _c2018. |
||
| 300 | _a240p. | ||
| 650 | _aPoetry Hindi | ||
| 650 | _aLiterature Hindi | ||
| 650 | _aLiterature | ||
| 942 | _cBK | ||